The Maze Runner Trivia - Statistics

General Stats
  • This quiz has been taken 2,273 times
  • The average score is 7 of 13
Answer Stats
Hint Answer % Correct
Who becomes Thomas' enemy in the Glade? Gally
94%
When Thomas first arrives in the maze what is the only thing he remebers? His name
91%
Who is the first person Thomas meets in the Glade? Alby
90%
Who sacrifices themselves to help the others get out? Alby
90%
Who does Gally "accidentally" kill in the end? Chuck
83%
How long have the boys been trapped in the Glade? 3 years
79%
Bonus Question: Who is Thomas telepathic with? Teresa
77%
What are the creatures in the Maze? Grievers
69%
Who does Thomas rescue from the Maze? Minho and Alby
14%
What message does unconscious Teresa bring? She's the last one ever
11%
How did Newt get his limp? He tried to kill himself
5%
What are the code words to get "unlock" the Maze? float catch bleed death stiff push
3%
What does Thomas remeber after he has been stung? That he was apart of wicked
0%
No matching quizzes found
Score Distribution
Percent of People with Each Score
Percentile by Number Answered
Your Score History
You have not taken this quiz